000 00450nam a2200169Ia 4500
003 OSt
005 20260306113743.0
008 211028s2009 xx 000 0 und d
040 _cAIMIT LIBRARY
041 _aeng
100 _aMonteiro, Laveena Lorean; Manimhozi.
_g60471425
_92982
110 _aRohini Rao.
_92983
245 _aSystem e soft /
260 _aMangalore
_c2009
710 _aMentors Brilliant IT Solutions
_92984
942 _2ddc
_cPRO
999 _c217079
_d217079